[Event "CZE Junior Championship"]
[Site "Kunzak"]
[Date "2002.02.18"]
[Round "11"]
[White "Mach, Petr"]
[Black "Dvorak, Tomas"]
[Result "0-1"]
[WhiteElo "2258"]
[BlackElo "2267"]
[PlyCount "146"]
[EventDate "2002.02.08"]

1. e4 c5 2. Nf3 d6 3. d4 cxd4 4. Nxd4 Nf6 5. Nc3 a6 6. Bc4 e6 7. O-O b5 8. Bb3
Be7 9. f4 O-O 10. f5 b4 11. Na4 e5 12. Ne2 Bb7 13. Bd5 Nxd5 14. exd5 Nd7 15. c3
bxc3 16. Naxc3 Nf6 17. Ng3 Rc8 18. Bg5 Rc4 19. Bxf6 Bxf6 20. Qb3 Qc7 21. Nge4
Bd8 22. Nxd6 Rxc3 23. bxc3 Qc5+ 24. Kh1 Bxd5 25. c4 Bxg2+ 26. Kxg2 Qxd6 27.
Rad1 Qc6+ 28. Rd5 Bg5 29. Re1 Bf4 30. Qd3 Qh6 31. Qh3 Qc6 32. Qd3 Qh6 33. h3 g6
34. Kh1 Qh4 35. Re2 Re8 36. fxg6 hxg6 37. Qf3 Rb8 38. Qg4 Qf6 39. Kg2 Qc6 40.
Rc2 Qa4 41. Qe2 Rb1 42. c5 Qb4 43. Rc4 Qb5 44. Rc2 Qb4 45. Rc4 Qa5 46. Rd1 Rxd1
47. Qxd1 Qxa2+ 48. Qc2 Qa3 49. Rc3 Qa5 50. c6 Qc7 51. Qe4 Kg7 52. h4 a5 53. h5
gxh5 54. Kf3 a4 55. Qxa4 f5 56. Qb4 Kg6 57. Ke2 e4 58. Qc4 Qd6 59. Qg8+ Kf6 60.
Qa2 Qd4 61. Qb2 Bc7 62. Rb3 Qxb2+ 63. Rxb2 Ke6 64. Rd2 Bd6 65. Ke3 Ke5 66. Rd1
f4+ 67. Kf2 h4 68. Kg2 f3+ 69. Kh3 e3 70. Kxh4 e2 71. Re1 Ke4 72. Kg4 Ke3 73.
Rb1 f2 0-1